Statistics for Name The Fears

Click here to take the quiz!

General Stats

  • This quiz has been taken 9 times
  • The average score is 7 of 15

Answer Stats

FearsWords% Correct
Fear of enclosed spacesClaustrophobia
89%
Fear of firePyrophobia
78%
Fear of animalsZoophobia
78%
Fear of bloodHemophobia
67%
Fear of spidersArachnophobia
56%
Fear of speaking in publicGlossophobia
44%
Fear of failureAtychiphobia
33%
Fear of the sunHeliophobia
33%
Fear of phobiasPhobophobia
33%
Fear of sleepSomniphobia
33%
Fear of the oceanThalassophobia
33%
Fear of long wordsHippopotomonstrosesquipedaliophobia
22%
Fear of the darkNyctophobia
22%
Fear of schoolScolionophobia
22%
Fear of drivingVehophobia
22%

Score Distribution

Percentile by Number Answered

Percent of People with Each Score

Your Score History

You have not taken this quiz